[Event "Titled Tue 17th Jun Late"]
[Site "chess.com INT"]
[Date "2025.06.17"]
[Round "6"]
[White "Ismayilova, Khanim"]
[Black "Sitnic, Adnan"]
[Result "1-0"]
[WhiteTitle "WCM"]
[BlackTitle "CM"]
[WhiteElo "1971"]
[BlackElo "2058"]
[WhiteFideId "13429019"]
[BlackFideId "14403854"]
[EventDate "2025.06.17"]

1. e4 Nc6 2. d4 e5 3. d5 Nce7 4. h4 h5 5. c4 Ng6 6. Nf3 Bb4+ 7. Nc3 Bxc3+ 8.
bxc3 d6 9. Be2 Bg4 10. g3 Nf6 11. Nd2 Bxe2 12. Qxe2 Qd7 13. Nb3 b6 14. Bg5 Ng8
15. Rf1 f6 16. Bd2 N8e7 17. O-O-O a5 18. Na1 f5 19. Nc2 f4 20. Qf3 Qg4 21. Qd3
f3 22. Bg5 O-O 23. Ne3 Qd7 24. Rfe1 Qa4 25. Kb2 Rab8 26. Nf5 Nc8 27. Qxf3 b5 28.
c5 b4 29. c4 b3 30. axb3 Qxc4 31. Rc1 Qb4 32. Rc3 dxc5 33. Qxh5 Nh8 34. Bh6 g6
35. Qg5 Rf7 36. h5 a4 37. hxg6 a3+ 38. Ka2 Qxc3 39. gxf7+ Kxf7 40. Qg7+ Ke8 41.
Qf8+ Kd7 42. Qg7+ Kd8 43. Qxh8+ Kd7 44. Qg7+ Kd8 45. Qf8+ Kd7 46. Qf7+ Kd8 47.
Bg5+ Ne7 48. Qxe7+ Kc8 49. Qe8+ Kb7 50. Qb5+ Ka7 51. Qa4+ Kb7 52. Rc1 Qf3 53.
Rxc5 Qxf2+ 54. Kxa3 Qxc5+ 55. Qb4+ Qxb4+ 56. Kxb4 c6 57. d6 Kc8+ 58. Kc4 Kd7 59.
Be7 Rb5 60. g4 Ke6 61. g5 Rb7 62. g6 Rd7 63. g7 Kf7 64. Bf8 Kg8 65. Nh6+ Kh7 66.
g8=Q# 1-0

[Event "Titled Tue 17th Jun Late"]
[Site "chess.com INT"]
[Date "2025.06.17"]
[Round "6"]
[White "Nurgaliyeva, Zarina"]
[Black "Cupid, Kevin"]
[Result "1-0"]
[WhiteTitle "WFM"]
[BlackTitle "FM"]
[WhiteElo "2252"]
[BlackElo "2189"]
[WhiteFideId "13730096"]
[BlackFideId "7700512"]
[EventDate "2025.06.17"]

1. e4 c6 2. d4 d5 3. e5 Bf5 4. Nd2 e6 5. Nb3 a5 6. a4 Bb4+ 7. c3 Be7 8. Nf3 Nd7
9. Be2 h5 10. O-O Nh6 11. Ne1 Bg4 12. f3 Bf5 13. f4 Bg4 14. Nd3 Qb6 15. Nd2 Nf5
16. Nf3 c5 17. dxc5 Nxc5 18. Nxc5 Bxc5+ 19. Kh1 h4 20. Nd4 Bxd4 21. Bxg4 Ne3 22.
Bxe3 Bxe3 23. f5 O-O 24. Qf3 Bg5 25. Rab1 d4 26. cxd4 Qxd4 27. fxe6 fxe6 28.
Bxe6+ Kh7 29. Qh5+ Bh6 30. Bf5+ Kg8 31. Qg6 Rxf5 32. Qxf5 Kh8 33. e6 Re8 34. e7
Qf6 35. Qxf6 gxf6 36. Rxf6 Kg7 37. Re6 Bg5 38. Rbe1 Kf7 39. R6e5 Bf6 40. Rf5
Rxe7 41. Ref1 Re6 42. g4 Kg6 43. Rxf6+ Rxf6 44. Rxf6+ Kxf6 45. Kg2 Ke5 46. Kf3
b6 47. h3 Kd5 48. Kf4 Kc5 49. g5 Kb4 50. g6 Kxa4 51. g7 Kb3 52. g8=Q+ Kxb2 53.
Qc4 b5 54. Qxb5+ Kc3 55. Qxa5+ Kd3 56. Kg4 Ke3 57. Kxh4 Kd3 58. Kg4 Ke2 59. Qe5+
Kf2 60. Qg3+ Ke2 61. Kf4 Kd2 62. Qe3+ Kc2 63. Ke4 Kb2 64. Kd4 Ka2 65. Qc3 Kb1
66. Kd3 Ka2 67. Qb4 Ka1 68. Kc2 Ka2 69. Qa4# 1-0

[Event "Titled Tue 17th Jun Late"]
[Site "chess.com INT"]
[Date "2025.06.17"]
[Round "6"]
[White "Svane, Rasmus"]
[Black "Holt, Conrad"]
[Result "0-1"]
[WhiteTitle "GM"]
[BlackTitle "GM"]
[WhiteElo "2626"]
[BlackElo "2540"]
[WhiteFideId "4657101"]
[BlackFideId "2034387"]
[EventDate "2025.06.17"]

1. Nf3 d5 2. g3 Bg4 3. Bg2 Nd7 4. O-O e6 5. h3 Bxf3 6. Bxf3 Ngf6 7. d3 Bd6 8. e4
O-O 9. Nd2 c6 10. d4 dxe4 11. Nxe4 Nxe4 12. Bxe4 Qb6 13. c3 Rfe8 14. Qb3 Rad8
15. Bg2 h6 16. Be3 Nf6 17. c4 Qxb3 18. axb3 a6 19. Rfd1 Re7 20. f4 Red7 21. Kf2
Bc5 22. Rac1 Bxd4 23. Bxd4 Rxd4 24. Rxd4 Rxd4 25. Ke3 Rd8 26. b4 Kf8 27. b5 cxb5
28. cxb5 Nd5+ 29. Bxd5 Rxd5 30. bxa6 bxa6 31. Rc6 Rb5 32. Rxa6 Rb3+ 33. Kf2
Rxb2+ 34. Kf3 Rb3+ 35. Kf2 g5 36. f5 Ke7 37. fxe6 fxe6 38. Ra7+ Kf6 39. Rh7 Kg6
40. Re7 Rb6 41. Kf3 Ra6 42. Ke4 Kh5 43. Kf3 Ra3+ 44. Kf2 Ra2+ 45. Kf3 Ra3+ 46.
Kf2 Ra6 47. Kf3 Kg6 48. Ke4 h5 49. Ke5 Ra5+ 50. Ke4 Kf6 51. Rh7 Ra4+ 52. Kf3 h4
53. g4 Ke5 54. Rg7 Ra3+ 55. Kg2 Kf4 56. Rf7+ Ke4 57. Rg7 Ra2+ 58. Kg1 Kf4 59.
Kf1 e5 60. Rf7+ Kg3 61. Rf5 Ra1+ 62. Ke2 Kxh3 63. Rxg5 Kg2 64. Rh5 h3 65. g5 Ra6
66. g6 Rxg6 67. Rxe5 h2 0-1

[Event "Titled Tue 17th Jun Late"]
[Site "chess.com INT"]
[Date "2025.06.17"]
[Round "6"]
[White "Mecit, Emre"]
[Black "Baches Garcia, Guillermo"]
[Result "1/2-1/2"]
[BlackTitle "IM"]
[WhiteElo "2007"]
[BlackElo "2305"]
[WhiteFideId "6304214"]
[BlackFideId "2209764"]
[EventDate "2025.06.17"]

1. e4 c5 2. Nf3 d6 3. d4 cxd4 4. Nxd4 Nf6 5. Nc3 Nc6 6. Bg5 e6 7. Qd2 h6 8. Be3
Ng4 9. Be2 Nxe3 10. Qxe3 Qb6 11. O-O-O Be7 12. Ndb5 Qxe3+ 13. fxe3 O-O 14. Nxd6
Rd8 15. Nc4 Bd7 16. h4 Rac8 17. g3 Bc5 18. a3 Be8 19. Rxd8 Rxd8 20. b4 Be7 21.
Rd1 Rc8 22. Kb2 Bf6 23. Nd6 Rb8 24. Nxe8 Rxe8 25. Kb3 Ne5 26. Nb5 a6 27. Nd6 Rb8
28. c4 Kf8 29. c5 Ke7 30. a4 Nd7 31. Nc4 Ne5 32. Nb6 g5 33. hxg5 Bxg5 34. Nc4
Nxc4 35. Kxc4 Bxe3 36. Rd3 Bg1 37. g4 Rd8 38. Rxd8 Kxd8 39. b5 axb5+ 40. Kxb5
Kc7 41. Bc4 Be3 42. Bd3 Bf2 43. e5 Bd4 44. Bh7 Bxe5 45. Bg8 f5 46. Bxe6 fxg4 47.
Bxg4 Bd4 48. Bf3 Be3 49. c6 bxc6+ 50. Bxc6 h5 51. Bf3 h4 52. Kc4 h3 53. Kd3 Ba7
54. Ke2 Kb6 55. Kf1 Ka5 56. Bc6 Bb8 57. Kg1 h2+ 58. Kh1 Kb6 59. Bb5 Ka5 60. Bd7
Kb6 61. Bb5 Ka7 62. Bc6 Bc7 63. Bg2 Bd6 64. Bf3 Be5 65. Bd5 Bf4 66. Bc6 Bg3 67.
Kg2 Bc7 68. Bd5 Kb6 69. Bc4 Kc5 70. Bb5 Kb4 71. Bd7 Ka5 72. Bc6 Bb8 73. Bd7 Bd6
74. Bb5 Be5 75. Bc6 Bd6 76. Bb5 Bf4 77. Bd7 Kb6 78. Bb5 Ka7 79. Bd7 Be5 80. Bc6
Bd6 81. Bd5 Be5 82. Bc6 Bd6 83. Bd5 Be5 84. Bc6 1/2-1/2

[Event "Titled Tue 17th Jun Late"]
[Site "chess.com INT"]
[Date "2025.06.17"]
[Round "6"]
[White "Demchenko, Anton"]
[Black "Shuvalova, Polina"]
[Result "1/2-1/2"]
[WhiteTitle "GM"]
[BlackTitle "IM"]
[WhiteElo "2619"]
[BlackElo "2480"]
[WhiteFideId "4160258"]
[BlackFideId "24171760"]
[EventDate "2025.06.17"]

1. e4 c6 2. d4 d5 3. Nc3 dxe4 4. Nxe4 Nf6 5. Nxf6+ exf6 6. Nf3 Bd6 7. Bd3 O-O 8.
O-O Bg4 9. h3 Bh5 10. Bf5 Na6 11. a3 Nc7 12. Qd3 Bg6 13. Nh4 Re8 14. Rd1 Ne6 15.
Nxg6 hxg6 16. Bxe6 Rxe6 17. Be3 Bc7 18. d5 cxd5 19. Qxd5 Rd6 20. Qf3 Qe7 21.
Rxd6 Bxd6 22. Rd1 Rd8 23. g3 b6 24. h4 Be5 25. Rxd8+ Qxd8 26. c3 Qd7 27. Kg2 b5
28. Qa8+ Kh7 29. Qxa7 Qd5+ 30. Kh2 Qb3 31. Qb7 Qxb2 32. Qxf7 Qxa3 33. h5 gxh5
34. Qxh5+ Kg8 35. Qe8+ Kh7 36. Qxb5 Qxc3 37. Qd5 Qc2 38. Kg2 Qg6 39. Qf3 Qf7 40.
Qf5+ Qg6 41. Qh3+ Kg8 42. Qe6+ Kh7 43. Qd5 Kh8 44. f4 Qc2+ 45. Bf2 Bc3 46. Qh5+
Kg8 47. Qf3 Qd2 48. Qe4 Kh8 49. g4 Kg8 50. Kg3 Kh8 51. Qe8+ Kh7 52. Qh5+ Kg8 53.
Qg6 Qd8 54. Qe4 Qd2 55. Qc4+ Kh7 56. Qe4+ Kh8 57. Qf5 Bb2 58. g5 fxg5 59. fxg5
Qc3+ 60. Kh4 Qc4+ 61. Kh3 Qc3+ 62. Kh2 Qe5+ 63. Qxe5 Bxe5+ 64. Kh3 Kh7 65. Kg4
Kg6 66. Be3 Bd6 67. Bd2 Be7 68. Be3 Bxg5 69. Bxg5 Kf7 70. Bf4 g5 71. Bxg5 1/2-1/2

[Event "Titled Tue 17th Jun Late"]
[Site "chess.com INT"]
[Date "2025.06.17"]
[Round "6"]
[White "Tymrakiewicz, Rafal"]
[Black "Ratkovic, Miloje"]
[Result "0-1"]
[WhiteTitle "FM"]
[BlackTitle "GM"]
[WhiteElo "2206"]
[BlackElo "2489"]
[WhiteFideId "1108832"]
[BlackFideId "914517"]
[EventDate "2025.06.17"]

1. d4 Nf6 2. Bg5 c5 3. d5 Qb6 4. Bc1 e5 5. Nc3 d6 6. e4 a6 7. h3 Be7 8. Nf3 O-O
9. a4 Qc7 10. Bc4 Nbd7 11. O-O Re8 12. Nd2 Nf8 13. Kh2 Bd7 14. Bd3 Ng6 15. g3 h5
16. a5 h4 17. Nc4 Rad8 18. Be3 Bb5 19. Qe2 Bxc4 20. Bxc4 Nh7 21. Qd2 Rf8 22. Bd3
Rb8 23. b3 Qd8 24. Na4 Bg5 25. Nb6 Bxe3 26. Qxe3 Ng5 27. Nd7 Qxd7 28. Qxg5 Qe7
29. Qxe7 Nxe7 30. Kg2 g6 31. f4 f6 32. c4 b6 33. axb6 Rxb6 34. Bc2 hxg3 35. Kxg3
exf4+ 36. Kxf4 Kg7 37. Ra3 g5+ 38. Kg4 Rh8 39. Rfa1 Ra8 40. h4 gxh4 41. Kxh4
Ng6+ 42. Kg3 Kf7 43. Kf2 Ne5 44. Ke3 Ke7 45. Rg1 Rf8 46. Raa1 Rf7 47. Raf1 Rh7
48. Rg3 a5 49. Rfg1 a4 50. R3g2 axb3 51. Bb1 Nxc4+ 52. Kf4 Ne5 53. Kf5 Rf7 54.
Rg8 c4 55. Rc8 b2 56. Rgg8 Rh7 57. Rge8+ Kf7 58. Rf8+ Kg7 59. Rg8+ Kh6 60. Rg6+
Nxg6 61. e5 Ne7+ 62. Ke6 Nxc8 63. exd6 Rxd6+ 64. Kf5 Rxd5+ 65. Kf4 Re7 0-1

[Event "Titled Tue 17th Jun Late"]
[Site "chess.com INT"]
[Date "2025.06.17"]
[Round "6"]
[White "Bogaudinov, Rushan"]
[Black "Vila Dupla, Aurelio"]
[Result "1-0"]
[WhiteTitle "FM"]
[BlackTitle "FM"]
[WhiteElo "1912"]
[BlackElo "2056"]
[WhiteFideId "4129288"]
[BlackFideId "2203383"]
[EventDate "2025.06.17"]

1. e4 c5 2. Nc3 d6 3. Nf3 Nc6 4. Bb5 Bd7 5. O-O g6 6. d4 cxd4 7. Nxd4 Bg7 8. Be3
Nf6 9. Re1 O-O 10. Bc4 Ng4 11. Nxc6 bxc6 12. Bd4 Ne5 13. Bb3 Be6 14. Ne2 c5 15.
Bxe5 Bxe5 16. Bxe6 fxe6 17. c3 Rb8 18. Rb1 Qa5 19. a3 Rb7 20. g3 Rfb8 21. f4 Bg7
22. Qc2 Qb5 23. b4 Qc4 24. Rbc1 a5 25. Kf2 axb4 26. cxb4 Qxc2 27. Rxc2 cxb4 28.
axb4 Rxb4 29. Ng1 Rb2 30. Ree2 Rxc2 31. Rxc2 Rb2 32. Rxb2 Bxb2 33. Nf3 Bf6 34.
e5 dxe5 35. fxe5 Bg7 36. g4 h6 37. h4 Kf7 38. Ke3 Ke8 39. Kd4 Kd7 40. Kc5 Kc7
41. g5 h5 42. Kd4 Kc6 43. Ke4 Kd7 44. Nd4 Bh8 45. Kf4 Bg7 46. Ke4 Bh8 47. Ne2
Ke8 48. Nf4 Kf7 49. Nd3 Bg7 50. Kd4 Bh8 51. Kc5 Bg7 52. Kc6 Bh8 53. Kd7 Bg7 54.
Kc6 Bh8 55. Kc5 Bg7 56. Kd4 Bh8 57. Nf4 Bg7 58. Ke4 Bh8 59. Ne2 Bg7 60. Nd4 Bh8
61. Nf3 Bg7 62. Ne1 Bh8 63. Nc2 Bg7 64. Na3 Bh8 65. Nc4 Bg7 66. Na5 Bh8 67. Nc6
Bg7 68. Nd8+ Ke8 69. Nxe6 Kf7 70. Nxg7 Kxg7 71. e6 Kf8 72. Kd5 Ke8 73. Kc6 Kd8
74. Kb7 Ke8 75. Kc8 Kf8 76. Kd8 1-0

[Event "Titled Tue 17th Jun Late"]
[Site "chess.com INT"]
[Date "2025.06.17"]
[Round "6"]
[White "Sinkar, Anagha Aniket"]
[Black "Perry, Patrick"]
[Result "1-0"]
[WhiteTitle "WCM"]
[WhiteElo "1776"]
[BlackElo "2296"]
[WhiteFideId "30974780"]
[BlackFideId "30917727"]
[EventDate "2025.06.17"]

1. e4 Nf6 2. e5 Nd5 3. c4 Nb6 4. d4 d6 5. f4 dxe5 6. fxe5 c5 7. d5 e6 8. d6 Qh4+
9. Kd2 Qf4+ 10. Kc2 Qxe5 11. Nf3 Qxd6 12. Qxd6 Bxd6 13. Nc3 Bd7 14. Be3 Na6 15.
Ne4 Be7 16. Rd1 Rd8 17. b3 O-O 18. Be2 h6 19. Ne5 Nb4+ 20. Kb2 Bc6 21. Nxc6 Nxc6
22. Nxc5 Bxc5 23. Bxc5 Rxd1 24. Rxd1 Rd8 25. Rxd8+ Nxd8 26. Bf3 Nc6 27. Kc3 f6
28. Be3 Kf7 29. b4 Ke7 30. b5 Nd8 31. Kb4 g5 32. a4 f5 33. a5 Nc8 34. Bc5+ Kd7
35. Bf8 g4 36. Be2 Nf7 37. c5 Ne7 38. Bc4 Nd5+ 39. Kb3 h5 40. Bg7 Ne3 41. Bd3
Nxg2 42. Kc4 Nf4 43. Bc2 Ng6 44. Ba4 Nfe5+ 45. Kd4 Nf3+ 46. Ke3 Kc7 47. b6+ axb6
48. axb6+ Kc8 49. c6 bxc6 50. Bxc6 f4+ 51. Kf2 Nxh2 52. b7+ Kc7 53. Bc3 Ne7 54.
Be5+ Kxc6 55. b8=Q g3+ 56. Kg2 Nf5 57. Bxf4 h4 58. Qa8+ Kc5 59. Qe4 Ng4 60. Qxe6
h3+ 61. Kxh3 Nf2+ 62. Kg2 Nd4 63. Qe5+ Kc4 64. Be3 Nc2 65. Kxg3 Nd3 66. Qe4+ Kc3
67. Kf3 Nde1+ 68. Ke2 Kb2 69. Bd4+ Kc1 70. Qd3 Ng2 71. Qd2+ Kb1 72. Kd3 Na3 73.
Qb4+ Ka2 74. Qb2# 1-0

[Event "Titled Tue 17th Jun Late"]
[Site "chess.com INT"]
[Date "2025.06.17"]
[Round "6"]
[White "Rosenbecker, Daniel"]
[Black "Mansurova, Mumtozbegim"]
[Result "0-1"]
[WhiteTitle "CM"]
[BlackTitle "WCM"]
[WhiteElo "2109"]
[BlackElo "1800"]
[WhiteFideId "1718959"]
[BlackFideId "14215780"]
[EventDate "2025.06.17"]

1. b3 d5 2. Bb2 Nf6 3. Nf3 c5 4. e3 Bf5 5. d3 e6 6. Be2 Nc6 7. O-O Bd6 8. Nbd2
e5 9. e4 dxe4 10. dxe4 Bxe4 11. Nc4 Bc7 12. Re1 O-O 13. Ncxe5 Nxe5 14. Nxe5 Re8
15. Nc4 b5 16. Qxd8 Raxd8 17. Ne3 a6 18. Rad1 Bf4 19. Bxf6 gxf6 20. Bd3 Bxd3 21.
cxd3 Bxe3 22. fxe3 Rd5 23. Rc1 Ree5 24. Rf1 Kg7 25. d4 cxd4 26. exd4 Rxd4 27.
Rc6 Re6 28. Rc2 Rd5 29. Rcf2 Rg5 30. h3 Rge5 31. Kh2 Re2 32. Kg3 Rxf2 33. Rxf2
Kg6 34. Kf3 Rc6 35. Rd2 Rc3+ 36. Kf2 a5 37. Re2 a4 38. bxa4 bxa4 39. Kg1 a3 40.
Rd2 Rc1+ 41. Kh2 Rc3 42. Rf2 f5 43. Re2 Kf6 44. Kh1 h5 45. Kh2 Rd3 46. Kh1 Rd1+
47. Kh2 Rd3 48. Kg1 f4 49. Re4 Kf5 50. Ra4 f6 51. Kf1 Re3 52. Kf2 Rc3 53. Kf1
Rc1+ 54. Kf2 Rc2+ 55. Kg1 Rxa2 56. Kh2 Ra1 57. Ra5+ Kg6 58. h4 a2 59. Ra4 Kf5
60. Ra5+ Kg4 61. Ra3 Kxh4 62. Ra4 Kg4 63. Ra3 f5 64. Ra4 h4 65. Ra3 Kg5 66. Kh3
Rh1# 0-1

[Event "Titled Tue 17th Jun Late"]
[Site "chess.com INT"]
[Date "2025.06.17"]
[Round "6"]
[White "Yang, Daniel"]
[Black "Garcia, Jhoel"]
[Result "1-0"]
[WhiteTitle "CM"]
[BlackTitle "IM"]
[WhiteElo "2198"]
[BlackElo "2293"]
[WhiteFideId "30976340"]
[BlackFideId "3801110"]
[EventDate "2025.06.17"]

1. d4 e6 2. c4 Nf6 3. Nc3 Bb4 4. e3 b6 5. Ne2 Bb7 6. a3 Be7 7. d5 d6 8. e4 O-O
9. Nd4 c5 10. Nc2 Nbd7 11. Be2 a6 12. O-O exd5 13. exd5 Ne5 14. f4 Ng6 15. Be3
Re8 16. Qd2 Bf8 17. Rae1 Qd7 18. Kh1 Ng4 19. Bg1 Nf6 20. Bf3 b5 21. b3 Rxe1 22.
Rxe1 Re8 23. Rf1 Nh4 24. Be2 bxc4 25. Bxc4 Ne4 26. Nxe4 Rxe4 27. g3 Ng6 28. Re1
Qe8 29. Rxe4 Qxe4+ 30. Qg2 Qf5 31. Ne3 Qb1 32. Qc2 Qe1 33. Qe2 Qc1 34. Qc2 Qxa3
35. h4 Ne7 36. h5 h6 37. Bf2 Qa1+ 38. Kg2 Qd4 39. Nf5 Bxd5+ 40. Kh2 Qe4 41. Qxe4
Bxe4 42. Nxd6 Bd5 43. Bxa6 Nc6 44. Bxc5 g6 45. hxg6 fxg6 46. Bc4 Bxc4 47. bxc4
Kh7 48. Ne4 Bg7 49. Bd6 Nd4 50. c5 g5 51. fxg5 hxg5 52. Nxg5+ Kg6 53. Ne4 Nf3+
54. Kg2 Nd4 55. Kf2 Kf5 56. Ke3 Nc2+ 57. Kf3 Nd4+ 58. Ke3 Nc2+ 59. Kd3 Nb4+ 60.
Kc4 Nc6 61. Nc3 Ke6 62. Nb5 Be5 63. Nc7+ Kf5 64. Nd5 Ke6 65. Nf4+ Bxf4 66. gxf4
Kd7 67. Kb5 Nd8 68. f5 Nc6 69. f6 Nd4+ 70. Kc4 Ne6 71. f7 Kd8 72. f8=Q+ Nxf8 73.
Bxf8 Kd7 74. Bd6 Kc6 75. Kd4 Kb7 76. Kd5 Kc8 77. c6 Kd8 78. Kc5 Kc8 79. Kb6 Kd8
80. c7+ Kc8 81. Bh2 Kd7 82. Kb7 1-0

[Event "Titled Tue 17th Jun Late"]
[Site "chess.com INT"]
[Date "2025.06.17"]
[Round "6"]
[White "Oro, Faustino"]
[Black "Firouzja, Alireza"]
[Result "1-0"]
[WhiteTitle "IM"]
[BlackTitle "GM"]
[WhiteElo "2465"]
[BlackElo "2766"]
[WhiteFideId "20000197"]
[BlackFideId "12573981"]
[EventDate "2025.06.17"]

1. e4 g6 2. d4 Bg7 3. Nf3 d6 4. Bc4 Nf6 5. Qe2 O-O 6. O-O Nc6 7. h3 e5 8. dxe5
dxe5 9. Rd1 Qe7 10. Nc3 h6 11. a4 Re8 12. b3 Nd4 13. Qd3 c6 14. Ne2 Nxf3+ 15.
Qxf3 Be6 16. Ba3 Qc7 17. Bd6 Qc8 18. Bxe6 Qxe6 19. a5 Bf8 20. Bxf8 Kxf8 21. Qe3
Kg7 22. Nc3 Qe7 23. Na4 Qb4 24. Nc5 b6 25. Nd3 Qb5 26. Ra3 bxa5 27. Rda1 Qb6 28.
Nc5 Rad8 29. Rxa5 Re7 30. Ra6 Qc7 31. Rxa7 Rd1+ 32. Kh2 Rxa1 33. Rxc7 Rxc7 34.
Qc3 Raa7 35. Qxe5 Re7 36. Qd4 Ra8 37. c4 Rae8 38. f4 Rxe4 39. Nxe4 Rxe4 40. Qd6
Re6 41. Qd4 Re4 42. Qc5 Re6 43. b4 Ne4 44. Qd4+ Kh7 45. b5 cxb5 46. cxb5 Nd6 47.
b6 h5 48. Qd5 Rf6 49. Kg3 Nf5+ 50. Kf2 Rxb6 51. Qxf7+ Ng7 52. g4 hxg4 53. hxg4
Rb2+ 54. Kg3 Rb5 55. Kh4 Ra5 56. Qd7 Rc5 57. Qd6 Rb5 58. Qe7 Ra5 59. Qd7 Rc5 60.
f5 gxf5 61. g5 Rc4+ 62. Kh3 Rc3+ 63. Kg2 Rc4 64. Kf3 Rc3+ 65. Kf4 Rc4+ 66. Ke5
Kg6 67. Qd6+ Kh5 68. Qh6+ Kg4 69. Qxg7 Rc5+ 70. Kf6 Rc6+ 71. Ke5 Rc5+ 72. Kd6
Ra5 73. g6 Kg5 74. Qf7 Ra6+ 75. Ke5 Ra5+ 76. Kd4 Ra4+ 77. Kc3 Ra3+ 78. Kb2 1-0

[Event "Titled Tue 17th Jun Late"]
[Site "chess.com INT"]
[Date "2025.06.17"]
[Round "6"]
[White "Karas, Eugenia"]
[Black "Schmider, Niklas"]
[Result "0-1"]
[WhiteTitle "WFM"]
[BlackTitle "IM"]
[WhiteElo "2124"]
[BlackElo "2421"]
[WhiteFideId "463485"]
[BlackFideId "12993778"]
[EventDate "2025.06.17"]

1. Nf3 b6 2. b3 Bb7 3. Bb2 c5 4. e3 e6 5. Be2 Nf6 6. O-O Be7 7. d4 cxd4 8. Nxd4
O-O 9. Nd2 d6 10. c4 a6 11. Bf3 Qc7 12. Rc1 Nbd7 13. Qe2 Rac8 14. Rfd1 Rfd8 15.
Ba3 Bxf3 16. N2xf3 Nc5 17. Bxc5 dxc5 18. Nc2 Ne4 19. Rd3 Bf6 20. Nce1 Rxd3 21.
Nxd3 Rd8 22. g3 g5 23. Qc2 Qd6 24. Nf4 Nd2 25. Nxd2 Qxd2 26. Nd5 Qxc2 27. Nxf6+
Kg7 28. Ne8+ Rxe8 29. Rxc2 Rd8 30. Kf1 Rd1+ 31. Ke2 Rh1 32. Rd2 Rxh2 33. Rd6 b5
34. Rxa6 bxc4 35. bxc4 Rh1 36. Ra5 Ra1 37. Rxc5 Rxa2+ 38. Kf3 Kg6 39. Rc8 h5 40.
c5 g4+ 41. Kg2 Rc2 42. c6 Kf6 43. Rh8 Kg6 44. Rc8 Kg7 45. e4 Kf6 46. Rh8 Kg6 47.
Rc8 Rc4 48. e5 Kf5 49. Rh8 Kxe5 50. Rxh5+ Kf6 51. Rh4 Kg5 52. Rh7 Kg6 53. Rh4 f5
54. Rh8 Rxc6 55. Rg8+ Kf7 56. Rd8 Kf6 57. Rf8+ Ke7 58. Rb8 Rc2 59. Rb6 Kf6 60.
Kf1 Rd2 61. Ra6 Ke5 62. Ra5+ Ke4 63. Ra4+ Rd4 64. Ra3 Rd3 65. Ra4+ Rd4 66. Ra3
e5 67. Re3+ Kd5 68. Kg2 Rd2 69. Re1 f4 70. gxf4 exf4 71. Ra1 g3 72. Ra5+ Ke4 73.
Ra6 Rxf2+ 74. Kg1 Kf3 75. Ra3+ Kg4 76. Ra8 Rb2 77. Rg8+ Kf3 78. Rh8 Rb1# 0-1

[Event "Titled Tue 17th Jun Late"]
[Site "chess.com INT"]
[Date "2025.06.17"]
[Round "6"]
[White "Leiva, Gianmarco"]
[Black "Wagner, Dennis"]
[Result "1-0"]
[WhiteTitle "IM"]
[BlackTitle "GM"]
[WhiteElo "2387"]
[BlackElo "2619"]
[WhiteFideId "3804399"]
[BlackFideId "24650684"]
[EventDate "2025.06.17"]

1. e4 c6 2. d4 d5 3. exd5 cxd5 4. Bd3 Nc6 5. c3 Nf6 6. h3 g6 7. Nf3 Bf5 8. O-O
Bxd3 9. Qxd3 Bg7 10. Bf4 O-O 11. Nbd2 Nd7 12. Rfe1 e6 13. a4 Rc8 14. Nb3 Qb6 15.
Qb5 Rfe8 16. Qxb6 axb6 17. a5 bxa5 18. Nxa5 Nxa5 19. Rxa5 Ra8 20. Rea1 Rxa5 21.
Rxa5 f6 22. Ra7 Nb6 23. Rxb7 Nc4 24. Nd2 Nxd2 25. Bxd2 Ra8 26. g4 h5 27. g5 fxg5
28. Bxg5 Ra2 29. Bf4 Bf6 30. Bd6 g5 31. Kg2 Ra1 32. Be7 Kf7 33. Bd8+ Kg6 34.
Bxf6 Kxf6 35. Rb8 Rc1 36. Kf3 Re1 37. Rf8+ Kg6 38. Re8 Kf6 39. Rf8+ Kg6 40. Rb8
Kf6 41. Rb4 Kf5 42. Rb7 Kf6 43. Kg2 Kg6 44. b3 Rc1 45. Rc7 Rb1 46. Rb7 Rc1 47.
Rc7 Rb1 48. b4 Rc1 49. Rc6 Kf5 50. b5 Rb1 51. b6 Rb2 52. Kg3 Rb3 53. h4 g4 54.
f3 gxf3 55. Kxf3 Rb2 56. Ke3 Kg4 57. Rxe6 Kxh4 58. Kf4 Kh3 59. Ke5 h4 60. Kxd5
Kg4 61. c4 h3 62. c5 h2 63. Rh6 Kg3 64. Kc6 Rf2 65. Rxh2 Kxh2 66. b7 Rf6+ 67.
Kb5 Rf8 68. c6 Rb8 69. Kb6 Kh3 70. c7 Rxb7+ 71. Kxb7 1-0

[Event "Titled Tue 17th Jun Late"]
[Site "chess.com INT"]
[Date "2025.06.17"]
[Round "6"]
[White "Maglioni, Leonardo"]
[Black "Manukyan, Sargis A."]
[Result "0-1"]
[BlackTitle "FM"]
[WhiteElo "2069"]
[BlackElo "2294"]
[WhiteFideId "2896830"]
[BlackFideId "13303970"]
[EventDate "2025.06.17"]

1. d4 d5 2. Bf4 Nf6 3. e3 e6 4. Nf3 c5 5. c3 Bd6 6. Bg3 Qc7 7. Bd3 Nbd7 8. Nbd2
O-O 9. Qe2 e5 10. dxe5 Nxe5 11. Nxe5 Bxe5 12. Bxe5 Qxe5 13. Nf3 Qe7 14. h3 h6
15. O-O b6 16. a4 a5 17. Rfe1 Bb7 18. Nd2 Rfe8 19. Bb5 Red8 20. Rad1 Rac8 21.
Nf1 Ne4 22. Qg4 g6 23. Ng3 Nd6 24. Bd3 Qg5 25. Qxg5 hxg5 26. Re2 Kg7 27. Rde1 f5
28. Rd1 Bc6 29. Bc2 Kf6 30. b3 Ne4 31. Bxe4 dxe4 32. Red2 Ke7 33. c4 Rxd2 34.
Rxd2 Bd7 35. Ne2 Be6 36. Nc3 Rh8 37. Nb5 Bd7 38. Nc7 Bc6 39. Nd5+ Bxd5 40. Rxd5
Rh4 41. Rd2 g4 42. hxg4 Rxg4 43. g3 Rg5 44. Rd5 Rh5 45. Re5+ Kd7 46. Rd5+ Ke7
47. Re5+ Kd7 48. Rd5+ Kc6 49. Re5 Rh6 50. Re6+ Kc7 51. Rf6 Kb7 52. Rf7+ Ka6 53.
Rf6 Kb7 54. Re6 Ka6 55. Rf6 Ka7 56. Kg2 Ka6 57. Re6 Ka7 58. Rf6 Ka6 59. Re6 Kb7
60. Rf6 Kc7 61. Re6 Kb7 62. g4 fxg4 63. Rxe4 Rh4 64. Re7+ Ka6 65. Re6 Rh6 66.
Kg3 Rh1 67. Rxg6 Rg1+ 68. Kf4 Rg2 69. Rxg4 Rxf2+ 70. Ke5 Rb2 71. e4 Rxb3 72. Kd6
Rd3+ 73. Ke6 Rd4 0-1

[Event "Titled Tue 17th Jun Late"]
[Site "chess.com INT"]
[Date "2025.06.17"]
[Round "6"]
[White "Sharankov, Grigory"]
[Black "Haydon, David L"]
[Result "0-1"]
[WhiteTitle "CM"]
[BlackTitle "FM"]
[WhiteElo "2238"]
[BlackElo "2284"]
[WhiteFideId "4168356"]
[BlackFideId "415405"]
[EventDate "2025.06.17"]

1. e4 e5 2. Nf3 Nf6 3. Nxe5 d6 4. Nf3 Nxe4 5. Qe2 Qe7 6. d3 Nf6 7. Bg5 Qxe2+ 8.
Bxe2 Nbd7 9. Nc3 Be7 10. h3 O-O 11. O-O-O c6 12. Rhe1 Bd8 13. Bf4 d5 14. d4 Nb6
15. Bd3 Bd7 16. Ne5 Be6 17. a4 a5 18. g4 Be7 19. Bd2 Bb4 20. b3 Rac8 21. Kb2 c5
22. dxc5 Rxc5 23. Nb5 Bxd2 24. Rxd2 g6 25. f4 Re8 26. Nd6 Re7 27. f5 Bd7 28.
Nxb7 Rc7 29. Nxa5 Bxa4 30. bxa4 Nxa4+ 31. Kc1 d4 32. Nf3 Rxe1+ 33. Nxe1 g5 34.
Nb3 Nd5 35. Nf3 h6 36. Nfxd4 Nb4 37. f6 Na2+ 38. Kd1 N2c3+ 39. Ke1 Nd5 40. Rf2
Nf4 41. Rf3 Kf8 42. Kd2 Rd7 43. Nf5 Nb6 44. Nc5 Rd5 45. Ne4 Nc4+ 46. Kc3 Ne5 47.
h4 Nxf3 48. hxg5 hxg5 49. Bc4 Re5 50. Ned6 Ne6 51. Bb3 Nh2 52. Bxe6 Rxe6 53. Kd4
Nxg4 54. c4 Nxf6 55. c5 Ne8 56. Kd5 Nc7+ 57. Kd4 Ne8 58. Ne4 g4 59. Kd5 Nc7+ 60.
Kd4 Re8 61. Nf6 Rd8+ 62. Ke5 Ne6 63. c6 Rc8 64. Kd6 g3 65. Nxg3 Kg7 66. Nd5 Rd8+
67. Ke5 Re8 68. Nf5+ Kf8 69. Kd6 Rd8+ 70. Ke5 Ra8 71. Nd6 Ra5 72. Ke4 Nc5+ 73.
Kd4 Ne6+ 74. Ke5 Rc5 75. Nf5 Rxc6 76. Nf6 Rc5+ 77. Ke4 Ng5+ 78. Kf4 Ne6+ 79. Kg4
Rc4+ 80. Kf3 Rf4+ 81. Ke3 Rxf5 82. Nd7+ Ke7 0-1